Ngữ pháp hán ngữ cổ và hiện đại

সংরক্ষণ করুন:
গ্রন্থ-পঞ্জীর বিবরন
প্রধান লেখক: Trần, Văn Chánh
বিন্যাস: গ্রন্থ
ভাষা:Undetermined
প্রকাশিত: Thành phố Hồ Chí Minh Trẻ 2005
বিষয়গুলি:
ট্যাগগুলো: ট্যাগ যুক্ত করুন
কোনো ট্যাগ নেই, প্রথমজন হিসাবে ট্যাগ করুন!
Thư viện lưu trữ: Trung tâm Học liệu Trường Đại học Cần Thơ
LEADER 00579nam a2200205Ia 4500
001 CTU_93871
008 210402s9999 xx 000 0 und d
020 |c 60000 
082 |a 495.15 
082 |b Ch107 
100 |a Trần, Văn Chánh 
245 0 |a Ngữ pháp hán ngữ cổ và hiện đại 
245 0 |c Trần Văn Chánh 
260 |a Thành phố Hồ Chí Minh 
260 |b Trẻ 
260 |c 2005 
650 |a Chinese language 
650 |x Grammar 
904 |i Tuyến 
980 |a Trung tâm Học liệu Trường Đại học Cần Thơ